000 00663nam a2200265Ia 4500
005 20260121170138.0
008 008 260114s9999 xx 000 0 eng d
020 _a9783319632759
037 _aEBOOK
040 _aCRL
040 _beng
040 _cCRL
041 _2eng
041 _aeng
084 _qCRL
100 _aSharada Srinivasan, Shuzhuo Li
_91060349
245 0 _aScarce Women and Surplus Men in China and India
260 _bSpringer
260 _bSpringer
260 _c2018
856 _uhttps://link.springer.com/openurl?genre=book&isbn=978-3-319-63275-9
942 _cEBOOK
999 _c1626078
_d1626078